MESTSKÁ KNIŽNICA GIRALTOVCE  - online katalóg 

Poďme sa rozprávať (Record no. 23968)

000 -NÁVESTIE
fixed length control field 01647cam a2200481 a 4500
001 - EVIDENČNÉ ČÍSLO ZÁZNAMU - Kontrolné číslo
control field vtls009492131
005 - DÁTUM A ČAS POSLEDNEJ TRANSAKCIE
control field 20251024080519.0
008 - ÚDAJE S PEVNOU DĹŽKOU – VŠEOBECNÉ INFORMÁCIE
fixed length control field 160208s2009 xo a g 000 0 slo
020 ## - MEDZINÁRODNÉ ŠTANDARDNÉ ČÍSLO KNIHY (ISBN)
Medzinárodné štandardné číslo knihy (ISBN) 9788080711139 (viaz.)
035 ## - Iný štandardný identifikátor
Iný štandardný identifikátor A7B64652-F7C3-459D-9B2C-11C57291F0ED
035 ## - Iný štandardný identifikátor
Iný štandardný identifikátor urn:nbn:sk:snk-amk8bt
035 ## - Iný štandardný identifikátor
Iný štandardný identifikátor urn:nbn:sk:snk-am008cuv
040 ## - ZDROJ KATALOGIZÁCIE
Pôvodná katalogizujúca agentúra POKPOH
Jazyk katalogizácie slo
Prepisujúca agentúra POKPOH
Modifikujúca agentúra SNK
Konvencie popisu AACR2
041 0# - KÓD JAZYKA
Kód jazyka textu/zvukovej stopy alebo samostatných nápisov slo
044 ## - KÓD KRAJINY VYDAVATEĽA/PRODUCENTA
Kód krajiny MARC xo
Kód krajiny ISO SK
072 #7 - KÓD PREDMETOVEJ KATEGÓRIE
Kód predmetovej kategórie 17
Pododdiel kódu predmetovej kategórie Etika. Morálna filozofia
Zdroj konspekt
072 #7 - KÓD PREDMETOVEJ KATEGÓRIE
Kód predmetovej kategórie 27-4
Pododdiel kódu predmetovej kategórie Praktická teológia. Morálna teológia
Zdroj konspekt
080 ## - ČÍSLO MEDZINÁRODNÉHO DESATINNÉHO TRIEDENIA (MDT)
Číslo Medzinárodného desatinného triedenia (MDT) 316.64
Identifikátor vydania 2001
080 ## - ČÍSLO MEDZINÁRODNÉHO DESATINNÉHO TRIEDENIA (MDT)
Číslo Medzinárodného desatinného triedenia (MDT) 17.02
Identifikátor vydania 2001
080 ## - ČÍSLO MEDZINÁRODNÉHO DESATINNÉHO TRIEDENIA (MDT)
Číslo Medzinárodného desatinného triedenia (MDT) 159.923.5
Identifikátor vydania 2001
080 ## - ČÍSLO MEDZINÁRODNÉHO DESATINNÉHO TRIEDENIA (MDT)
Číslo Medzinárodného desatinného triedenia (MDT) (0:82-32)
Identifikátor vydania 2001
080 ## - ČÍSLO MEDZINÁRODNÉHO DESATINNÉHO TRIEDENIA (MDT)
Číslo Medzinárodného desatinného triedenia (MDT) 27-47
Identifikátor vydania 2001
080 ## - ČÍSLO MEDZINÁRODNÉHO DESATINNÉHO TRIEDENIA (MDT)
Číslo Medzinárodného desatinného triedenia (MDT) 316.472.4
Identifikátor vydania 2001
080 ## - ČÍSLO MEDZINÁRODNÉHO DESATINNÉHO TRIEDENIA (MDT)
Číslo Medzinárodného desatinného triedenia (MDT) (0:82-84)
Identifikátor vydania 2001
080 ## - ČÍSLO MEDZINÁRODNÉHO DESATINNÉHO TRIEDENIA (MDT)
Číslo Medzinárodného desatinného triedenia (MDT) 27-4
Identifikátor vydania 2001
245 00 - NÁZOV
Názov Poďme sa rozprávať
Zvyšok názvu ďalších 15 zaujímavých kapitol zo života
Údaj o zodpovednosti atď. [spracovali Marcela a Stanislav Bielikovci ; ilustrácie Branislav Matis na motívy kresieb Olgy Pazerini]
250 ## - ÚDAJ O PORADÍ VYDANIA
Údaj o poradí vydania 1. vyd.
260 ## - VYDAVATEĽSKÉ ÚDAJE, DISTRIBÚCIA ATĎ.
Miesto publikovania, distribúcie atď. Vrútky
Názov vydavateľa, distibútora atď. Advent-Orion
Dátum publikovania, distribúcie atď. 2009
300 ## - FYZICKÝ POPIS
Rozsah 269 s.
Ďalšie fyzické detaily ilustr.
Rozmery 22 cm
490 1# - EDÍCIA
Edícia Prameň
650 07 - PRIDANÝ VSTUP – PREDMET – TEMATICKÉ HESLO
Tematické heslo alebo geografický názov ako vstupný prvok životné postoje
Zdroj hesla alebo termínu SNKPH
-- 4492
650 07 - PRIDANÝ VSTUP – PREDMET – TEMATICKÉ HESLO
Tematické heslo alebo geografický názov ako vstupný prvok životná múdrosť
Zdroj hesla alebo termínu SNKPH
-- 1966
650 07 - PRIDANÝ VSTUP – PREDMET – TEMATICKÉ HESLO
Tematické heslo alebo geografický názov ako vstupný prvok kresťanská výchova
Zdroj hesla alebo termínu SNKPH
-- 4835
650 07 - PRIDANÝ VSTUP – PREDMET – TEMATICKÉ HESLO
Tematické heslo alebo geografický názov ako vstupný prvok sebavýchova
Zdroj hesla alebo termínu SNKPH
-- 1949
650 07 - PRIDANÝ VSTUP – PREDMET – TEMATICKÉ HESLO
Tematické heslo alebo geografický názov ako vstupný prvok interpersonálne vzťahy
Zdroj hesla alebo termínu SNKPH
-- 1969
650 #7 - PRIDANÝ VSTUP – PREDMET – TEMATICKÉ HESLO
Tematické heslo alebo geografický názov ako vstupný prvok kresťanský život
Zdroj hesla alebo termínu SNKPH
-- 2276
655 #7 - INDEXAČNÝ TERMÍN – ŽÁNER/FORMA
Údaje o žánri/forme alebo termín, ktorý je prvok fazety príbehy
Zdroj termínu SNKPH
-- 2455
655 #7 - INDEXAČNÝ TERMÍN – ŽÁNER/FORMA
Údaje o žánri/forme alebo termín, ktorý je prvok fazety citáty
Zdroj termínu SNKPH
-- 5073
700 1# - PRIDANÝ VSTUP – OSOBNÉ MENO
Osobné meno Bieliková, Marcela
Kód roly com
-- 5074
700 1# - PRIDANÝ VSTUP – OSOBNÉ MENO
Osobné meno Bielik, Stanislav
Kód roly com
-- 5075
700 1# - PRIDANÝ VSTUP – OSOBNÉ MENO
Osobné meno Matis, Branislav,
Dátumy súvisiace s menom 1978-
Kód roly ill
-- 5076
958 ## - Formálny deskriptor
Formálny deskriptor NT
Holdings
Stav stiahnutia (Blokovanie) (Withrawn status) Stav straty Zdroj klasifikácie pre skladovanie Stav poškodenia (Damaged status) Nie pre výpožičky (Not for loan) Spôsob nadobudnutia (Collection code) Trvalé umiestnenie Aktuálne umiestnenie Dátum nadobudnutia Inventárne číslo (prírastkové číslo) Celkom výpožičky Full call number Čiarový kód Dátum posledného výskytu Dátum poslednej výpôžičky Cena s účinnosťou od Typ jednotky Koha
          Dar Mestská knižnica Giraltovce Mestská knižnica Giraltovce 2025-10-24 22324 1 S1596 S1596 2026-04-21 2026-02-25 2025-10-24 Odborná literatúra pre dospelých

Powered by Koha